Sams teach yourself Red Hat Linux X in 24 hours (Record no. 6462)

000 -LEADER
fixed length control field 00766 a2200253 4500
020 ## - INTERNATIONAL STANDARD BOOK NUMBER
International Standard Book Number 0-672-32475-X (pbk.) :
035 ## - SYSTEM CONTROL NUMBER
System control number (Uk)067232475x
040 ## - CATALOGING SOURCE
Original cataloging agency DLC
Language of cataloging English
082 04 - DEWEY DECIMAL CLASSIFICATION NUMBER
Classification number 005.4469
100 1# - MAIN ENTRY--PERSONAL NAME
Personal name Hsiao, Aron
245 10 - TITLE STATEMENT
Title Sams teach yourself Red Hat Linux X in 24 hours
Statement of responsibility, etc. Aron Hsiao
246 3# - VARYING FORM OF TITLE
Title proper/short title Teach yourself Red Hat Linux X in 24 hours
246 3# - VARYING FORM OF TITLE
Title proper/short title Red Hat Linux X in 24 hours
260 ## - PUBLICATION, DISTRIBUTION, ETC.
Place of publication, distribution, etc. India
Name of publisher, distributor, etc. Techmedia
Date of publication, distribution, etc. 2003.
300 ## - PHYSICAL DESCRIPTION
Extent xix, 576 s. :
Other physical details ill. ;
Dimensions 24cm.
440 #0 - SERIES STATEMENT/ADDED ENTRY--TITLE
Title Sams teach yourself in 24 hours series
500 ## - GENERAL NOTE
General note Previous ed.: 2000.
500 ## - GENERAL NOTE
General note Includes index.
500 ## - GENERAL NOTE
General note Hä²´ill 2 CD-ROM
650 #7 - SUBJECT ADDED ENTRY--TOPICAL TERM
Topical term or geographic name entry element Linux
650 #7 - SUBJECT ADDED ENTRY--TOPICAL TERM
Topical term or geographic name entry element Operativsystem
650 #7 - SUBJECT ADDED ENTRY--TOPICAL TERM
Topical term or geographic name entry element Operating systems (Computers)
942 ## - ADDED ENTRY ELEMENTS (KOHA)
Koha item type Book
Call number prefix 005.4469 HIS
Source of classification or shelving scheme
Holdings
Withdrawn status Lost status Damaged status Not for loan Collection code Permanent Location Current Location Shelving location Date acquired Source of acquisition Cost, normal purchase price Total Checkouts Full call number Barcode Date last seen Date last checked out Price effective from Koha item type
          Central Library (CL) Central Library (CL) First Floor - Operating System/ Data Structure 05/10/2003 Vanguard 362.07 1 005.4469 HIS SEECS003406 09/29/2014 09/01/2014 01/05/2017 Book
          Central Library (CL) Central Library (CL) First Floor - Operating System/ Data Structure 05/10/2003 Vanguard 362.07   005.4469 HIS SEECS003405 11/14/2012   01/05/2017 Book
© 2023 Central Library, National University of Sciences and Technology. All Rights Reserved.